Highest Rated FC 24 Player per Country - Statistics

General Stats
  • This quiz has been taken 42 times
    12 since last reset
  • The average score is 44 of 192
Answer Stats
Country Rating Club Player % Correct
Argentina 99 Inter Miami Lionel Messi
100%
Ghana 97 Ligue 1 Abedi Pelé
89%
Brazil 99 Futties Icon Pelé
89%
Argentina 99 Atlético Madrid Rodrigo De Paul
89%
Australia 99 Chelsea Women Sam Kerr
89%
Portugal 99 Al-Nassr Cristiano Ronaldo
78%
Austria 97 Real Madrid David Alaba
78%
Côte d’Ivoire 98 Futties Icon Didier Drogba
78%
Belgium 98 Manchester City Kevin De Bruyne
78%
Colombia 97 Liverpool Luis Díaz
78%
Egypt 99 Liverpool Mohamed Salah
78%
Brazil 99 Al Hilal Neymar
78%
Algeria 93 Al-Ahli Riyad Mahrez
78%
England 99 Futties Icon David Beckham
67%
Argentina 99 Chelsea Enzo Fernánndez
67%
Hungary 98 Greats of the Game Icon Ferenc Puskás
67%
Japan 99 Futties Icon Homare Sawa
67%
Andorra 66 Villarreal B Iker Álvarez
67%
Argentina 99 Atlético Madrid Julián Álvarez
67%
Israel 79 1. FC Köln Frauen Sharon Beck
67%
Norway 99 Manchester City Erling Haaland
56%
Germany 99 Bayer Leverkusen Florian Wirtz
56%
Netherlands 99 Bayer Leverkusen Jeremie Frimpong
56%
Canada 98 Lille OSC Jonathan David
56%
Croatia 97 Real Madrid Luka Modrić
56%
Denmark 97 Greats of the Game Icon Peter Schmeichel
56%
Czech Republic 96 Futties Icon Petr Čech
56%
Germany 99 Futties Icon Philipp Lahm
56%
Gabon 96 Marseille Pierre-Emerick Aubameyang
56%
Italy 98 Arsenal Riccardo Calafiori
56%
France 99 PSG Féminine Sakina Karchaoui
56%
Cameroon 98 Futties Icon Samuel Eto'o
56%
South Korea 99 Tottenham Hotspur Son Heung-Min
56%
Netherlands 99 Liverpool Virgil van Dijk
56%
England 99 West Ham Wes Foderingham
56%
Spain 99 Barça Femení Alexia Putellas
44%
Chile 94 Inter Milan Alexis Sánchez
44%
Norway 99 FC Barcelona Femení Caroline Graham Hansen
44%
Portugal 99 Futties Icon Eusébio
44%
Northern Ireland 98 Futties Icon George Best
44%
Georgia 96 Valencia Giorgi Mamardashvili
44%
Bulgaria 96 Futties Icon Hristo Stoichkov
44%
Jamaica 96 Man City Women Khadija Shaw
44%
Georgia 96 Napoli Khvicha Kvaratskhelia
44%
Brazil 99 Bundesliga Lúcio
44%
Netherlands 99 Manchester United Matthijs De Ligt
44%
Iran 87 FC Porto Mehdi Taremi
44%
Spain 99 FC Barcelona Pedri
44%
Ecuador 95 Bayer Leverkusen Piero Hincapié
44%
India 96 Bengaluru FC Sunil Chhetri
44%
Turkey 97 Real Madrid Arda Güler
33%
Albania 94 Fulham Armando Broja
33%
Bulgaria 96 Premier League Dimitar Berbatov
33%
Burkina Faso 91 Bayer Leverkusen Edmond Tapsoba
33%
Romania 96 Greats of the Game Icon Gheorghe Hagi
33%
Armenia 93 Inter Milan Henrikh Mkhitaryan
33%
Ghana 97 Athletic Bilbao Iñaki Williams
33%
Slovenia 96 Atlético Madrid Jan Oblak
33%
Scotland 97 Greats of the Game Icon Kenny Dalglish
33%
United States 99 Futties Icon Mia Hamm
33%
Paraguay 93 Newcastle Miguel Almirón
33%
Poland 97 FC Barcelona Robert Lewandowski
33%
Senegal 96 Al-Nassr Sadio Mané
33%
Switzerland 95 Inter Milan Yann Sommer
33%
Russia 94 AS Monaco Alexandr Golovin
22%
United States 99 San Diego Wave Alex Morgan
22%
Libya 81 SC BragaBeşiktaş Ali Musrati
22%
Ukraine 97 Futties Icon Andriy Shevchenko
22%
DR Congo 91 Marseille Chancel Mbemba
22%
Uruguay 98 Liverpool Darwin Núñez
22%
Bosnia and Herzegovina 90 Fenerbahçe Edin Džeko
22%
Sweden 98 Barça Femení Fridolina Rolfö
22%
Central African Republic 95 Marseille Geoffrey Kondogbia
22%
Switzerland 95 Bayer Leverkusen Granit Xhaka
22%
Angola 78 Fiorentina M'Bala Nzola
22%
Serbia 96 Greats of the Game Icon Nemanja Vidić
22%
Mexico 95 La Liga Rafael Márquez
22%
Mexico 95 Fulham Raúl Jiménez
22%
Peru 92 Celta Vigo Renato Tapia
22%
Saudi Arabia 97 Saudi Pro League Saeed Al-Owairan
22%
Mexico 95 Feyenoord Santiago Giménez
22%
Equatorial Guinea 75 UD Las Palmas Saúl Coco
22%
Guinea 92 VfB Stuttgart Serhou Guirassy
22%
Suriname 86 Union Berlin Sheraldo Becker
22%
Slovakia 95 Napoli Stanislav Lobotka
22%
Montenegro 82 Atlético Madrid Stefan Savić
22%
Hong Kong 69 Dalian Pro Vas Nuñez
22%
Mauritania 85 Sint-Truidense Aboubakary Koita
11%
Iceland 94 Genoa Albert Guðmundsson
11%
Morocco 90 Bayer Leverkusen Amine Adli
11%
Costa Rica 93 CF Montréal Ariel Lassiter
11%
New Zealand 83 Nottingham Forest Chris Wood
11%
Kosovo 91 Lille OSC Edon Zhegrova
11%
Luxembourg 83 Sivasspor Gerson Rodrigues
11%
Mali 90 Real Sociedad Hamari Traoré
11%
Wales 88 Winter Wildcards Icon Ian Rush
11%
Saint Lucia 67 Ipswich Town Janoi Donacien
11%
Finland 89 Eredivisie Jari Litmanen
11%
Dominican Republic 74 Leeds United Junior Firpo
11%
Ireland 91 Arsenal Women Katie McCabe
11%
Togo 80 Cercle Brugge Kevin Denkey
11%
United States 99 Chicago Red Stars Mallory Swanson
11%
Guinea-Bissau 75 Olympique LyonnaisESTAC Troyes Mama Baldé
11%
Liechtenstein 69 Ascoli Marcel Büchel
11%
Palestine 85 Royal Sporting Chaleroi Oday Dabbagh
11%
Lebanon 62 AFC Wimbledon Omar Bugiel
11%
Cuba 71 Norwich City Onel Hernández
11%
Liberia 76 Slavia Praha Oscar Dorley
11%
Ireland 91 Premier League Robbie Keane
11%
Grenada 70 Brentford Shandon Baptiste
11%
North Macedonia 82 Rayo Vallecano Stole Dimitrievski
11%
Malta 84 Reims Teddy Teuma
11%
Greece 86 PSV Eindhoven Vangelis Pavlidis
11%
Kenya 74 CF Montréal Victor Wanyama
11%
China 79 Racing LouisvilleTottenham Hotspur Women Wang Shuang
11%
Gambia 87 Feyenoord Yankuba Minteh
11%
Burundi 75 OGC Nice Youssouf Ndayishimiye
11%
Guatemala 68 CF MontréalDC United Aaron Herrera
0%
Panama 92 Houston Dynamo Adalberto Carrasquilla
0%
Benin 73 FC Lorient Aiyegun Tosin
0%
El Salvador 67 Seattle Sounders Alex Roldan
0%
North Korea 63 Suwon Samsung Bluewings Suwon FC An Byong-Jun
0%
Azerbaijan 71 Daejeon Hana Anton Kryvotsyuk
0%
Moldova 83 Puszcza Niepołomice Artur Crăciun
0%
South Sudan 55 Brisbane Roar Ayom Majok
0%
United Arab Emirates 72 Al-Ain Bandar Al-Ahbabi
0%
Somalia 62 FK HaugesundOdds BK Bilal Njie
0%
Bolivia 91 Yverdon Sport Boris Céspedes
0%
El Salvador 67 Deportes Tolima Brayan Gil
0%
Vanuatu 68 Central Coast Brian Kaltak
0%
Sri Lanka 63 Dynamo Dresden Claudio Kammerknecht
0%
Montserrat 65 Walsall Donervon Daniels
0%
Lithuania 66 Cercle Brugge Edgaras Utkus
0%
Guyana 65 Cheltenham Town Elliot Bonds
0%
Tunisia 87 Eintracht Frankfurt Ellyes Skhiri
0%
Ethiopia 66 Calcio Lecco Eyob Zambataro
0%
Comoros 74 Al-Hazem Faïz Selemani
0%
Finland 89 Augsburg Fredrik Jensen
0%
Chile 94 Toulouse Gabriel Suazo
0%
Bolivia 91 LDU Quito Gabriel Villamíl
0%
Republic of Congo 72 Boavista FC Gaius Makouta
0%
Mozambique 87 Sporting Geny Catamo
0%
Kazakhstan 65 Cangzhou Mighty Lions Georgiy Zhukov
0%
Philippines 70 AntalyasporSV Darmstadt VfL Bochum Gerrit Holtmann
0%
Nigeria 96 UD Tenerife Gift Monday
0%
Faroe Islands 63 Vejle Boldklub Gilli Rólantsson
0%
Uganda 69 Magdeburg Herbert Bockhorn
0%
Belarus 83 Stal Mielec Ilya Shkurin
0%
Mexico 95 Genoa Johan Vásquez
0%
Venezuela 95 Real Sociedad Jon Aramburu
0%
Venezuela 95 Philadelphia Union José Andrés Martínez
0%
Costa Rica 93 Austin FC Julio Cascante
0%
Curaçao 83 Birmingham City Juninho Bacuna
0%
Estonia 70 FC St. Pauli Karol Mets
0%
Sierra Leone 70 Chicago FireLAFC Kei Kamara
0%
Bermuda 72 SD Eibar Femenino Kenni Thompson
0%
Iraq 69 AGF Aarhaus Kevin Yakob
0%
Cyprus 71 Standard Liège Konstantinos Laifis
0%
Trinidad and Tobago 77 AEK Athens Levi García
0%
South Africa 75 Glasgow CityRacing Louisville Linda Motlhalo
0%
Mauritius 65 Legia Warszawa Lindsay Rose
0%
Madagascar 73 Union Saint-Galloise Loïc Lapoussin
0%
Antigua and Barbuda 67 Cardiff City Mahlon Romeo
0%
Namibia 64 1860 München Manfred Starke
0%
Chad 68 Samsunspor Marius Mouandilmadji
0%
Zimbabwe 77 Reims Marshall Munetsi
0%
Tanzania 72 PAOK Mbwana Ally Samatta
0%
Haiti 81 OL Féminin Melchie Dumornay
0%
Panama 92 Marseille Michael Murillo
0%
Sudan 65 MK DonsExeter City Mo Eisa
0%
Iraq 69 DC United Mohaned Jeahze
0%
Jordan 70 Montpellier Musa Al-Taamari
0%
Guatemala 68 Derby County Nathaniel Mendez-Laing
0%
Thailand 62 Odense BK Nicholas Mickelson
0%
Cape Verde 83 Kasımpaşa Nuno da Costa
0%
Uzbekistan 83 Fatih Karagümrük Otabek Shukurov
0%
Pakistan 63 Grimsby Town Otis Khan
0%
Syria 72 Alianza Lima Pablo Sabbag
0%
Saint Kitts and Nevis 73 AS Saint-Étienne Féminines Phoenetia Browne
0%
Zambia 87 Madrid CFF Racheal Kundananji
0%
Paraguay 93 Club Atlético Talleres Ramón Sosa
0%
Honduras 74 CF Montréal Romell Quioto
0%
Fiji 68 Odisha FC Roy Krishna
0%
Switzerland 95 Augsburg Ruben Vargas
0%
Malawi 96 PSG Féminine Tabitha Chawinga
0%
Andorra 66 Villarreal CF Femenino Teresa Morató
0%
South Africa 75 Racing Louisville Thembi Kgatlana
0%
Indonesia 72 SC Heerenveen Thom Haye
0%
Latvia 68 Daejeon Citizen Vladislavs Gutkovskis
0%
Puerto Rico 83 Orlando City Wilfredo Rivera
0%
Sierra Leone 70 Hellas VeronaSC Bari Yayah Kallon
0%
Taiwan 70 Chengdu Rongcheng Zhou Dingyang
0%
No matching quizzes found
Score Distribution
Percent of People with Each Score
Percentile by Number Answered
Your Score History
You have not taken this quiz since the last reset